00606nam a22001697a 450000500170000001000130001702000260003003500120005603700160006808200080008410000370009224500930012924600800022226000530030227000590035530000220041420220913120130.0 aUR-11723 a9789394616448c150.00 aU-10278 bDBAD/PUBa- a846 aابو الکلام رحمانی aنامے جو میرے نام آۓ /cابو الکلام رحمانیhا ر د و aNaam-E-Jo Mere Naam Aaie (A collection of Letters) /bby Abul Kalam Rahmani aNew DelhibEducational Publishing Housec2022 ء aH.O. D1/16, Ansari Road, Darya GanjbNew Delhie110002 a128 صc22cm(pbk)